Terremoto grado 7: la crisis del canal de todos los chilenos

Televisión Nacional de Chile (TVN), conocido también como "El canal de todos los chilenos", fue por muchos años la estación televisiva más importante del país de acuerdo a los números entregados por la Time Ibope, hoy Kantar Ibope Media, empresa dedicada a la medición del rating, en sus informes ent...

Full description

Bibliographic Details
Main Author: Paredes Oyarzún, Víctor
Other Authors: Arenas Romero, Rodolfo (profesor guía), Hermosilla Acevedo, Beatriz
Format: Tesis
Language:Spanish
Published: Santiago, Chile: Universidad Academia de Humanismo Cristiano, 2017
Subjects:

MARC

LEADER 00000cmm a2200000 a 4500
001 046647
003 UAHC_CL
005 20230717130344.0
008 171107s2017 cl d 000 spa
040 |a UAHC_CL  |c UAHC_CL  |d UAHC_CL 
100 |a Paredes Oyarzún, Víctor  |9 575 
245 1 3 |a Terremoto grado 7:   |b la crisis del canal de todos los chilenos   |c Víctor Paredes ; profesor guía Rodolfo Arenas. 
260 |b Universidad Academia de Humanismo Cristiano,  |c 2017  |a Santiago, Chile: 
300 |a 1 cd rom 
500 |a Tesis para optar al título de periodista y al grado académico de Licenciado en Comunicación Social. 
502 |a Tesis (Periodismo)--Universidad Academia de Humanismo Cristiano, 2017. 
516 |a Tesis electrónica (PDF) 
520 |a Televisión Nacional de Chile (TVN), conocido también como "El canal de todos los chilenos", fue por muchos años la estación televisiva más importante del país de acuerdo a los números entregados por la Time Ibope, hoy Kantar Ibope Media, empresa dedicada a la medición del rating, en sus informes entregados diariamente, durante muchos años y hasta el día de hoy, en donde vemos que los números bajaron considerablemente, en comparación a lo que fue en sus mejores años. La bonanza vivida está alejada de su realidad actual, al igual que sus años de prosperidad y con escasa representatividad para la audiencia. El bajo rating deja en evidencia el mal momento que atraviesa el canal estatal. 
650 0 |a Televisión  |9 579 
650 0 |a Audiencias  |9 580 
700 |9 3112  |a Arenas Romero, Rodolfo  |e profesor guía 
700 |a Hermosilla Acevedo, Beatriz  |9 700 
900 |a TPERIO 144 
942 |c TS 
952 |0 0  |1 0  |2 ddc  |4 0  |6 TPERIO_144_000000000000000  |7 0  |8 COMP  |9 88831  |a BC  |b BC  |c Referencia  |d 2017-11-07  |l 0  |o TPERIO 144  |p 2548  |r 2019-01-07 00:00:00  |t c.1  |w 2017-11-07  |y TS  |B PER 
999 |c 49855  |d 49855